00429 2200157 4500001002100000008004100021035002000062245005400082100002500136260003200161300002200193020002200215084001400237082000800251990001200259INLIS000000000002792 IND  a0010-0925000139 aHadirmu Lumpuhkan IngatankucMIfta Resti Khoiriah aMIfta Resti Khoiriah aJakartabRumah Oranyec2014 a232c(13 x 19 cm) a978-602-1588-52-9 a813 MIF c a813 a0755014